书目信息 |
| 题名: |
日本建筑
|
|
| 作者: | 叶渭渠 编著 | |
| 分册: | ||
| 出版信息: | 上海 上海三联书店 2006.1 |
|
| 页数: | 168页 | |
| 开本: | 22cm | |
| 丛书名: | 东瀛艺术图库 | |
| 单 册: | ||
| 中图分类: | TU-093.13 | |
| 科图分类: | ||
| 主题词: | 建筑史--jian zhu shi--日本 | |
| 电子资源: | ||
| ISBN: | 7-5426-2230-7 | |
| 000 | 00873nam 2200253 450 | |
| 001 | CAL 012006014698 | |
| 005 | 20061113105302.04 | |
| 010 | @a7-5426-2230-7@dCNY30.00 | |
| 100 | @a20061012d2006 em y0chiy0120 ea | |
| 101 | 0 | @achi |
| 102 | @aCN@b310000 | |
| 105 | @aa z 000yy | |
| 200 | 1 | @a日本建筑@Ari ben jian zhu@e彩图收藏版@f叶渭渠编著 |
| 210 | @a上海@c上海三联书店@d2006.1 | |
| 215 | @a168页@c图@d22cm | |
| 225 | 2 | @a东瀛艺术图库@Adong ying yi shu tu ku@f叶渭渠主编 |
| 314 | @a叶渭渠, 中国社会科学院教授, 日本文学研究专家。著有《日本文学思潮史》。 | |
| 330 | @a本书以简单的文字, 多彩的图片形象的反映了日本建筑、绘画、工艺美术、日本文学、戏剧的艺术之美。 | |
| 410 | 0 | @12001 @a东瀛艺术图库 |
| 606 | 0 | @a建筑史@Ajian zhu shi@y日本 |
| 690 | @aTU-093.13@v4 | |
| 701 | 0 | @a叶渭渠@Aye wei qu@4编著 |
| 801 | 0 | @aCN@c20061113 |
| 905 | @a10447@dTU-093.13@eY456 | |
| 日本建筑:彩图收藏版/叶渭渠编著.-上海:上海三联书店,2006.1 |
| 168页:图;22cm.-(东瀛艺术图库/叶渭渠主编) |
| ISBN 7-5426-2230-7:CNY30.00 |
| 本书以简单的文字, 多彩的图片形象的反映了日本建筑、绘画、工艺美术、日本文学、戏剧的艺术之美。 |
| ● |
| 相关链接 |
|
|
|
正题名:日本建筑
索取号:TU-093.13/Y456
 
预约/预借
| 序号 | 登录号 | 条形码 | 馆藏地/架位号 | 状态 | 备注 |
| 1 | 636935 | 206369357 | 建筑库101/101建筑库 8排1列5层/ [索取号:TU-093.13/Y456] | 在馆 |